AutoCAD 10.0 Příručka pro uživatele

Gespeichert in:
Bibliographische Detailangaben
1. Verfasser: Herštus, Michal
Format: Buch
Sprache:Tschechisch
Veröffentlicht: Praha Grada 1991
Ausgabe:1. vyd.
Schriftenreihe:Nestůjte za dveřmi
Schlagworte:
Tags: Tag hinzufügen
Keine Tags, Fügen Sie das erste Tag hinzu!

MARC

LEADER 00000nam a2200000 4500
001 c001237
005 20221214093204.3
020 |a 80-85424-02-9 
041 0 |a cze 
044 |a CZ 
245 1 0 |a AutoCAD 10.0  |b Příručka pro uživatele  |c Michal Herštus 
250 |a 1. vyd. 
264 1 |a Praha  |b Grada  |c 1991 
300 |a 231 s. 
490 1 |a Nestůjte za dveřmi 
830 0 |a Nestůjte za dveřmi 
610 2 0 |a AutoCAD 10.0 
610 2 0 |a grafika počítačová 
610 2 0 |a programy počítačové 
100 1 |a Herštus, Michal